Μελετήματα πολιτικής φιλοσοφίας
Αποθηκεύτηκε σε:
| Κύριος συγγραφέας: | |
|---|---|
| Μορφή: | Βιβλίο |
| Γλώσσα: | Greek |
| Δημοσίευση: |
Αθήναι :
Παπαζήσης,
1983
|
| Έκδοση: | 4η έκδ. |
| Θέματα: | |
| Ετικέτες: |
Προσθήκη ετικέτας
Δεν υπάρχουν, Καταχωρήστε ετικέτα πρώτοι!
|
MARC
| LEADER | 00000cam a2200000 i 4500 | ||
|---|---|---|---|
| 001 | 1/96848 | ||
| 008 | 950120s1983 gr | ||| |||| ||gre|| | ||
| 035 | |l 10010336 | ||
| 040 | |a GR-MY-UA |b gre |e aacr | ||
| 041 | 0 | |a gre | |
| 082 | 0 | |a 320.01 | |
| 100 | 1 | |a Δεσποτόπουλος, Κωνσταντίνος Ι., |d 1913-2016. | |
| 245 | 1 | 0 | |a Μελετήματα πολιτικής φιλοσοφίας / |c Κ. Ι. Δεσποτόπουλος |
| 250 | |a 4η έκδ. | ||
| 260 | |a Αθήναι : |b Παπαζήσης, |c 1983 | ||
| 300 | |a 188 σ. | ||
| 650 | 0 | 0 | |a Political science |x Philosophy. |
| 852 | |a INST |b LESVOS |e 19950120 |h 320.01 ΔΕΣ |p 005100003176 |q 005100003176 |t BK |y 0 | ||
| 909 | |a Λ |b 026742 | ||